<?xml version="1.0" encoding="UTF-8"?>
<record
    xmlns:xsi="http://www.w3.org/2001/XMLSchema-instance"
    xsi:schemaLocation="http://www.loc.gov/MARC21/slim http://www.loc.gov/standards/marcxml/schema/MARC21slim.xsd"
    xmlns="http://www.loc.gov/MARC21/slim">

  <leader>00432    a2200157   4500</leader>
  <controlfield tag="005">20250624094855.0</controlfield>
  <datafield tag="020" ind1=" " ind2=" ">
    <subfield code="a">0-256-13899-0</subfield>
  </datafield>
  <datafield tag="082" ind1=" " ind2=" ">
    <subfield code="a">658.5 VOL</subfield>
  </datafield>
  <datafield tag="100" ind1=" " ind2=" ">
    <subfield code="a">VOLLMANN,Thomas E</subfield>
  </datafield>
  <datafield tag="245" ind1=" " ind2=" ">
    <subfield code="a">Manufacturing Planning and Control Systems</subfield>
  </datafield>
  <datafield tag="250" ind1=" " ind2=" ">
    <subfield code="a">4th Ed.</subfield>
  </datafield>
  <datafield tag="260" ind1=" " ind2=" ">
    <subfield code="a">Boston</subfield>
    <subfield code="b">McGraw-Hill Irwin,</subfield>
    <subfield code="c">1997</subfield>
  </datafield>
  <datafield tag="300" ind1=" " ind2=" ">
    <subfield code="a">xxv,836p.;Figure,picture</subfield>
    <subfield code="b">Index</subfield>
    <subfield code="c">24cm.</subfield>
  </datafield>
  <datafield tag="700" ind1=" " ind2=" ">
    <subfield code="a">William L. Berry,D.Clay Whybark</subfield>
  </datafield>
  <datafield tag="942" ind1=" " ind2=" ">
    <subfield code="2">ddc</subfield>
    <subfield code="c">BKS</subfield>
  </datafield>
  <datafield tag="999" ind1=" " ind2=" ">
    <subfield code="c">4802</subfield>
    <subfield code="d">4802</subfield>
  </datafield>
  <datafield tag="952" ind1=" " ind2=" ">
    <subfield code="r">2025-06-24 09:51:26</subfield>
    <subfield code="l">0</subfield>
    <subfield code="o">658.5 VOL</subfield>
    <subfield code="p">MZA0002022</subfield>
    <subfield code="v">90000.00</subfield>
    <subfield code="w">2024-06-24</subfield>
    <subfield code="y">BKS</subfield>
    <subfield code="1">0</subfield>
    <subfield code="2">ddc</subfield>
    <subfield code="4">0</subfield>
    <subfield code="7">0</subfield>
    <subfield code="0">0</subfield>
    <subfield code="a">003</subfield>
    <subfield code="b">003</subfield>
    <subfield code="c">SPECIAL</subfield>
    <subfield code="d">2024-07-09</subfield>
    <subfield code="e">Library Budget</subfield>
    <subfield code="g">30000.00</subfield>
  </datafield>
  <datafield tag="952" ind1=" " ind2=" ">
    <subfield code="r">2025-06-24 09:51:26</subfield>
    <subfield code="l">0</subfield>
    <subfield code="o">658.5 VOL</subfield>
    <subfield code="p">MZA0002023</subfield>
    <subfield code="v">90000.00</subfield>
    <subfield code="w">2024-06-24</subfield>
    <subfield code="y">BKS</subfield>
    <subfield code="1">0</subfield>
    <subfield code="2">ddc</subfield>
    <subfield code="4">0</subfield>
    <subfield code="7">0</subfield>
    <subfield code="0">0</subfield>
    <subfield code="a">003</subfield>
    <subfield code="b">003</subfield>
    <subfield code="c">SPECIAL</subfield>
    <subfield code="d">2024-07-09</subfield>
    <subfield code="e">Library Budget</subfield>
    <subfield code="g">30000.00</subfield>
  </datafield>
  <datafield tag="952" ind1=" " ind2=" ">
    <subfield code="r">2025-06-24 09:51:26</subfield>
    <subfield code="l">0</subfield>
    <subfield code="o">658.5 VOL</subfield>
    <subfield code="p">MZA0002024</subfield>
    <subfield code="v">90000.00</subfield>
    <subfield code="w">2024-06-24</subfield>
    <subfield code="y">BKS</subfield>
    <subfield code="1">0</subfield>
    <subfield code="2">ddc</subfield>
    <subfield code="4">0</subfield>
    <subfield code="7">0</subfield>
    <subfield code="0">0</subfield>
    <subfield code="a">003</subfield>
    <subfield code="b">003</subfield>
    <subfield code="c">SPECIAL</subfield>
    <subfield code="d">2024-07-09</subfield>
    <subfield code="e">Library Budget</subfield>
    <subfield code="g">30000.00</subfield>
  </datafield>
  <datafield tag="952" ind1=" " ind2=" ">
    <subfield code="r">2025-06-24 09:51:26</subfield>
    <subfield code="l">0</subfield>
    <subfield code="o">658.5 VOL</subfield>
    <subfield code="p">MZA0002025</subfield>
    <subfield code="v">90000.00</subfield>
    <subfield code="w">2024-06-24</subfield>
    <subfield code="y">BKS</subfield>
    <subfield code="1">0</subfield>
    <subfield code="2">ddc</subfield>
    <subfield code="4">0</subfield>
    <subfield code="7">0</subfield>
    <subfield code="0">0</subfield>
    <subfield code="a">003</subfield>
    <subfield code="b">003</subfield>
    <subfield code="c">SPECIAL</subfield>
    <subfield code="d">2024-07-09</subfield>
    <subfield code="e">Library Budget</subfield>
    <subfield code="g">30000.00</subfield>
  </datafield>
</record>
